Banach Spaces for Analysts (Record no. 6362)
[ view plain ]
| 000 -LEADER | |
|---|---|
| fixed length control field | 00505nam a22001937a 4500 |
| 003 - CONTROL NUMBER IDENTIFIER | |
| control field | OSt |
| 005 - DATE AND TIME OF LATEST TRANSACTION | |
| control field | 20191028164536.0 |
| 008 - FIXED-LENGTH DATA ELEMENTS--GENERAL INFORMATION | |
| fixed length control field | 191028b ||||| |||| 00| 0 eng d |
| 020 ## - INTERNATIONAL STANDARD BOOK NUMBER | |
| International Standard Book Number | 9780521566759 |
| 040 ## - CATALOGING SOURCE | |
| Transcribing agency | DDC |
| 082 ## - DEWEY DECIMAL CLASSIFICATION NUMBER | |
| Classification number | 515 WOJ 1991 |
| 100 ## - MAIN ENTRY--PERSONAL NAME | |
| Personal name | Wojtaszczyk, P. |
| 9 (RLIN) | 13002 |
| 245 ## - TITLE STATEMENT | |
| Title | Banach Spaces for Analysts |
| 260 ## - PUBLICATION, DISTRIBUTION, ETC. (IMPRINT) | |
| Place of publication, distribution, etc. | Cambridge University Press, |
| Date of publication, distribution, etc. | 1991 |
| 300 ## - PHYSICAL DESCRIPTION | |
| Extent | xiii,382p; |
| Other physical details | Ill: |
| Dimensions | 23cm |
| 504 ## - BIBLIOGRAPHY, ETC. NOTE | |
| Bibliography, etc | References, & index included |
| 650 ## - SUBJECT ADDED ENTRY--TOPICAL TERM | |
| Source of heading or term | Banach analysis |
| 942 ## - ADDED ENTRY ELEMENTS (KOHA) | |
| Source of classification or shelving scheme | Other/Generic Classification Scheme |
| Koha item type | Book Bank |
| Withdrawn status | Lost status | Source of classification or shelving scheme | Damaged status | Not for loan | Home library | Current library | Date acquired | Source of acquisition | Inventory number | Total Checkouts | Full call number | Barcode | Date last seen | Koha item type |
|---|---|---|---|---|---|---|---|---|---|---|---|---|---|---|
| Dewey Decimal Classification | MUST Main Library | MUST Main Library | 28/10/2019 | Purchase | 19/40932 | 515 WOJ 1991 | 2019-0573 | 28/10/2019 | Open Shelf | |||||
| Dewey Decimal Classification | MUST Main Library | MUST Main Library | 28/10/2019 | Purchase | 19/40933 | 515 WOJ 1991 | 2019-0574 | 28/10/2019 | Open Shelf | |||||
| Dewey Decimal Classification | MUST Main Library | MUST Main Library | 28/10/2019 | Purchase | 19/40934 | 515 WOJ 1991 | 2019-0575 | 28/10/2019 | Open Shelf | |||||
| Dewey Decimal Classification | MUST Main Library | MUST Main Library | 28/10/2019 | Purchase | 19/40935 | 515 WOJ 1991 | 2019-0576 | 28/10/2019 | Open Shelf |
